| 000 | 00666nam a22001697a 4500 | ||
|---|---|---|---|
| 999 |
_c60732 _d60732 |
||
| 005 | 20231016151052.0 | ||
| 008 | 231016s1985 ru ||||| |||| 00| 0 rus d | ||
| 041 | _arus | ||
| 080 | _a72(082.1) K-82 | ||
| 100 |
_aКривченко В.И. _920086 |
||
| 245 |
_aПомпеи. Геркуланум. Стабии / _cВ.И. Кривченко. Ред. Е.С. Штейнер. |
||
| 264 |
_aМосква: _bИскусство, _c1985. |
||
| 300 |
_a224 стр.: _bилл.; _c17 см. |
||
| 653 | _aპომპეი. ჰერკულანეუმი. სტაბიაე | ||
| 700 |
_a Штейнер, Е.С. _eრედაქტორი _920087 |
||
| 942 |
_2udc _cBK |
||